=LDR 00000nam 2200000 4500 =001 INLIS000000000001341 =005 20130612085740 =008 ***********************************Ind** =035 ##$$0010-061300000001341 =041 ##$$a Ind =082 ##$$a 028.5 =090 ##$$a 028.5, Haa-p =100 ##$$a HAAS, Dorothy =245 ##$$a Peanut Butter dan Jelly 6 , Perpustakaan Alcott mulai runtuh, Dorothy Haas; Alih bahasa; Esther s. Manjani =260 ##$$a 1993 $b Jakarta =300 ##$$a 79 hlm, ilus, 21 cm =650 ##$$a Bacaan Kanak-kanak =700 ##$$a MANJANI, Esther S =850 ##$$a NBPNMAT